000 03732cam a22004934i 4500
003 PE-LiUPU
005 20250731172902.0
008 170111s2010 nyua rb 001 0 spa d
020 _a0195138031
020 _a9780195138030
035 _a(Sirsi) a165996
040 _aPE-LiUPU
_bspa
_cPE-LiUPU
_erda
049 _aPRUA
082 0 4 _a270.1
_bL11
_223
100 1 _aLynch, Joseph H.,
_d1943-2008.,
_eautor.
245 1 0 _aEarly Christianity :
_ba brief history /
_cJoseph H. Lynch.
264 1 _aNew York :
_bOxford University Press,
_c2010.
300 _axxi, 266 páginas :
_bilustraciones ;
_c24 centimetros
336 _atext
_2rdacontent
337 _aunmediated
_2rdamedia
338 _avolume
_2rdacarrier
504 _aBibliografía:páginas 253.
504 _aÍndices: páginas 255-266.
505 0 _atJesus --
_tThe Jewish context of the Jesus movement --
_tThe Greek and Roman context of early Christianity --
_tThe Jesus movement in the first century --
_tChristian diversity in the second and third centuries --
_tThe emergence of a proto-orthodox Christian consensus: bishop, creed, and canon of scripture --
_tRoman society and the Christians --
_tChristian intellectuals --
_tProto-orthodox Christian communities in the third century --
_tDiocletian, the great persecution, and the conversion of Constantine --
_tThe Christian empire and the imperial church --
_tThe government of the church --
_tThe Trinitarian controversy --
_tJesus, the God/Man --
_tWorship and piety in the Christian empire --
_tThe ascetic movement --
_tFourth- and fifth-century Christian thinkers --
_tConversion and Christianization --
_tThe eastern and western churches go their separate ways --
_tEpilogue: Muhammad and Islam. =520 \\
_aThis concise and engaging introduction to the history of early Christianity examines the development of Christianity from its origins up through the year 620. Accessible to beginning students with no background in the subject, Early Christianity: A Brief History is also captivating reading for more advanced students. The book is organized chronologically into four parts: The Contexts of Early Christianity, Christianity in the Second and Third Centuries, The Creation of a Christian Empire, and Life in the Christian Empire. Each part begins with a timeline in order to guide students in the chronology of events. Opening with a look at the historical Jesus--which considers what we know and how we know it--the book continues on with coverage of the Jewish and Roman worlds in which Christianity arose. It then charts the extraordinary progress of Christianity, ranging from its status as a fringe sect in Judaism, to that of a dominant religion, up through the reign of Pope Gregory I. Chapters on society and culture and an epilogue on Muhammad and the rise of Islam are also included.
526 _aSEG42
526 _aSEG41
526 _aSEG40
526 _aSEG39
526 _aP94
526 _aP87
526 _aP86
526 _aP85
526 _aP77
526 _aP76
526 _aP35
650 0 7 _aHistoria eclesiástica
_yLa iglesia primitiva y temprana, ca. 30-600.
650 7 _aEl cristianismo primitivo.
_2gtt
910 _ajck
_bjvq
_cjck
_d20170111.
942 _2ddc
_cBOOK
949 _a270.1 L11
_wDEWEY
_c1
_i75528
_lCATALOGING
_mBUL
_p19.00
_r0
_sY
_tBOOK
_u2017-01-11
_xTEOLOGIA
_zPOSGRADO TEOLOGÍA
_0COMPRA
_o.CIRCNOTE. El documento es de alto precio.
_o.STAFF. Colección Teología
596 _a1
999 _a270.1 L11
_wLC
_c14732
_i75528
_d14732
_e2017-1-20
_f2021-11-11
_g5
_lCCODEBUL1
_mBUL
_n2
_p25.00
_q3
_r0
_sY
_tBOOK
_u2017-1-11
_xTEOLOGIA
_PP85
_0COMPRA
_o.STAFF. Colección Teología
980 _81
_gALBERTO SANCHEZ Responsable de Automatización